000
002580000a22000970004500
100
1
_a
Emerton, J. A.
245
1
0
_a
The source analysis of Genesis 11:27-32
300
_a
Vol. 42, Num. 1 (Enero, 1992), Páginas 37-46
773
0
_t
Vetus Testamentum
942
_c
ANA
999
_c
57710
_d
57710